000 00769-am-a2200205-a-4500
001 000188355
003 AM-YeHGA
005 20250617123747.0
008 990526s1976 xxu 000 0 rus u
020 _c1.05
040 _aAM-YeHGA
245 0 0 _aТеория автоматического управления :
_bУчебное пособие /
_cЛ.С. Гольдфарб и др. ; Под ред. А.В. Нетушила.
250 _a2-е изд., доп. и перераб.
260 _aМосква :
_bВысшая школа ,
_c1976.
300 _a400 с.
650 1 4 _aАвтоматическое управление
700 1 _aГольдфарб, Лев Семенович
700 1 _aНетушил, А.В.
_eред.
_4edt
090 _c66421
999 _c65298
_d65298